Wu shen lun he zong jiao wenti (Record no. 1086930)
[ view plain ]
| 000 -LEADER | |
|---|---|
| fixed length control field | 00662nam a2200253Ia 4500 |
| 003 - CONTROL NUMBER IDENTIFIER | |
| control field | OSt |
| 005 - DATE AND TIME OF LATEST TRANSACTION | |
| control field | 20221006150510.0 |
| 008 - FIXED-LENGTH DATA ELEMENTS--GENERAL INFORMATION | |
| fixed length control field | 221006b |||||||| |||| 00| 0 chi d |
| 020 ## - INTERNATIONAL STANDARD BOOK NUMBER | |
| -- | .50 |
| 037 ## - SOURCE OF ACQUISITION | |
| Terms of availability | Textual |
| 040 ## - CATALOGING SOURCE | |
| Original cataloging agency | EASL |
| Transcribing agency | EASL |
| Language of cataloging | chi |
| 041 ## - LANGUAGE CODE | |
| Source of code | chi |
| Language code of text/sound track or separate title | chi |
| 100 ## - MAIN ENTRY--PERSONAL NAME | |
| Personal name | YA HAN ZHANG ZHU |
| 9 (RLIN) | 656833 |
| 245 #0 - TITLE STATEMENT | |
| Title | Wu shen lun he zong jiao wenti |
| 260 ## - PUBLICATION, DISTRIBUTION, ETC. | |
| Date of publication, distribution, etc. | 1979 |
| 300 ## - PHYSICAL DESCRIPTION | |
| Extent | 135p. |
| Dimensions | cm. |
| 650 ## - SUBJECT ADDED ENTRY--TOPICAL TERM | |
| Topical term or geographic name entry element | JL |
| 942 ## - ADDED ENTRY ELEMENTS (KOHA) | |
| Classification part | Q841,N7, L9 |
| Koha item type | Textual |
| Source of classification or shelving scheme | Colon Classification (CC) |
| Withdrawn status | Lost status | Source of classification or shelving scheme | Damaged status | Not for loan | Home library | Current library | Date acquired | Source of acquisition | Total Checkouts | Full call number | Barcode | Date last seen | Price effective from | Koha item type |
|---|---|---|---|---|---|---|---|---|---|---|---|---|---|---|
| Department of East Asian Studies Library | Department of East Asian Studies Library | 2022-10-06 | Gift, Japan Foundation | Q841,N7 L9 | EA0556824 | 2022-10-06 | 2022-10-06 | Textual |
